[Event "CRO-chT2"]
[Site "Tucepi"]
[Date "1996.??.??"]
[Round "?"]
[White "Biliskov, Vjekoslav"]
[Black "Markovic, Igor"]
[Result "1-0"]
[WhiteElo "2335"]
[BlackElo "2250"]
[PlyCount "47"]
[EventDate "1996.??.??"]
[EventType "team"]
[EventRounds "9"]
[EventCountry "CRO"]
[SourceTitle "EXT 1998"]
[Source "ChessBase"]
[SourceDate "1997.11.17"]
[SourceVersion "1"]
[SourceVersionDate "1997.11.17"]
[SourceQuality "1"]

1. Nf3 e6 2. c4 b6 3. g3 Bb7 4. Bg2 Nf6 5. 0-0 c5 6. Nc3 Be7 7. Re1 d5 8. cxd5 Nxd5 9. e4 Nb4 10. d4 0-0 11. d5 exd5 12. Nxd5 Nd7 13. Nxb4 cxb4 14. Bf4 Nc5 15. Nd4 g6 16. Nb5 Nd3 17. Bc7 Qd7 18. Re3 Qxb5 19. Rxd3 Bc5 20. Bf4 Rfe8 21. Rd7 Bc6 22. Rc7 Rad8 23. Qc1 Rd4 24. Bf1 1-0

[Event "CRO-chT2"]
[Site "Tucepi"]
[Date "1996.??.??"]
[Round "?"]
[White "Bubicic, Josip"]
[Black "Markovic, Igor"]
[Result "0-1"]
[WhiteElo "2230"]
[BlackElo "2250"]
[PlyCount "56"]
[EventDate "1996.??.??"]
[EventType "team"]
[EventRounds "9"]
[EventCountry "CRO"]
[SourceTitle "EXT 1998"]
[Source "ChessBase"]
[SourceDate "1997.11.17"]
[SourceVersion "1"]
[SourceVersionDate "1997.11.17"]
[SourceQuality "1"]

1. e4 e5 2. f4 d5 3. exd5 c6 4. Nf3 exf4 5. d4 Bd6 6. dxc6 Nxc6 7. Be2 Nge7 8. 0-0 h6 9. c4 g5 10. Nc3 b6 11. Ne4 Bf5 12. Nxd6+ Qxd6 13. d5 0-0-0 14. Kh1 Qc5 15. Bd2 Rhe8 16. Qa4 a5 17. a3 Nxd5 18. cxd5 Rxe2 19. Rac1 Qxd5 20. Rxc6+ Kb7 21. Rfc1 g4 22. Qxf4 gxf3 23. Rxb6+ Kxb6 24. Qc7+ Ka6 25. Rc6+ Kb5 26. Rb6+ Ka4 27. b3+ Kxa3 28. Qc1+ Ka2 0-1

[Event "SLO-chT"]
[Site "Slovenia"]
[Date "1995.??.??"]
[Round "7"]
[White "Markovic, Igor"]
[Black "Sorli, Maja"]
[Result "0-1"]
[WhiteElo "1850"]
[BlackElo "1890"]
[PlyCount "64"]
[EventDate "1995.??.??"]
[EventType "team"]
[EventRounds "7"]
[EventCountry "SLO"]
[SourceTitle "EXT 1998"]
[Source "ChessBase"]
[SourceDate "1997.11.17"]
[SourceVersion "1"]
[SourceVersionDate "1997.11.17"]
[SourceQuality "1"]

1. d4 d5 2. Nf3 Nf6 3. e3 Bg4 4. Be2 e6 5. 0-0 Bd6 6. Nbd2 0-0 7. a3 Bh5 8. Re1 Nbd7 9. b3 e5 10. dxe5 Nxe5 11. Bb2 Qe7 12. Nxe5 Bxe5 13. Bxe5 Bxe2 14. Bxf6 Qxf6 15. Qxe2 Rfe8 16. Nf3 a6 17. Rac1 Rad8 18. c3 c5 19. Qc2 h5 20. h4 Re4 21. Qe2 d4 22. cxd4 cxd4 23. Qd3 Rg4 24. exd4 g6 25. Qe2 b5 26. Qe7 Qxf3 27. Qxd8+ Kg7 28. g3 Rxg3+ 29. Kf1 Rh3 30. Qg5 Rh1+ 31. Qg1 Qd3+ 32. Kg2 Qh3# 0-1

[Event "SLO-chT"]
[Site "Slovenia"]
[Date "1994.??.??"]
[Round "?"]
[White "Sorli, Maja"]
[Black "Markovic, Igor"]
[Result "1-0"]
[WhiteElo "1850"]
[BlackElo "1850"]
[PlyCount "59"]
[EventDate "1994.??.??"]
[EventType "team"]
[EventRounds "7"]
[EventCountry "SLO"]
[SourceTitle "EXT 1998"]
[Source "ChessBase"]
[SourceDate "1997.11.17"]
[SourceVersion "1"]
[SourceVersionDate "1997.11.17"]
[SourceQuality "1"]

1. e4 d6 2. d4 g6 3. Nc3 Bg7 4. Be3 Nf6 5. f3 0-0 6. g4 a6 7. h4 Nbd7 8. Qd2 c5 9. h5 cxd4 10. Bxd4 Re8 11. 0-0-0 Qa5 12. hxg6 fxg6 13. Bc4+ Kh8 14. Bf7 Nf8 15. Bxf6 Bxf6 16. Bxe8 Be6 17. Bxg6 Nxg6 18. Nge2 Rc8 19. Rh5 b5 20. Rdh1 Nf8 21. g5 Bxc3 22. Nxc3 Bf7 23. R5h4 b4 24. Nd5 Qxa2 25. Qxb4 Bxd5 26. Qd4+ e5 27. Qxd5 Qa4 28. c3 Qa1+ 29. Kc2 Qa4+ 30. Kd2 1-0

[Event "Budapest Spring op 08th"]
[Site "Budapest"]
[Date "1992.??.??"]
[Round "?"]
[White "Malisauskas, Vidmantas"]
[Black "Markovic, Igor"]
[Result "1-0"]
[WhiteElo "2490"]
[BlackElo "2285"]
[PlyCount "73"]
[EventDate "1992.03.??"]
[EventType "swiss"]
[EventRounds "9"]
[EventCountry "HUN"]
[SourceTitle "CBM 030 Extra"]
[Source "ChessBase"]
[SourceDate "1992.11.01"]
[SourceVersion "1"]
[SourceVersionDate "1992.11.01"]
[SourceQuality "1"]

1. e4 e5 2. Nf3 Nc6 3. Bb5 Bb4 4. c3 Ba5 5. Na3 Nf6 6. Nc4 Bb6 7. d3 d6 8. a4 a6 9. Nxb6 cxb6 10. Bc4 h6 11. h3 0-0 12. 0-0 Re8 13. Be3 Be6 14. Bxe6 Rxe6 15. Qb3 Nd7 16. Rfd1 Rc8 17. d4 Na5 18. Qc2 Nc4 19. Bc1 Qc7 20. d5 Ree8 21. Nh4 Nf8 22. Qe2 Ng6 23. Nf5 Ne7 24. Qg4 Nxf5 25. exf5 f6 26. Rd3 Qf7 27. Bxh6 Kf8 28. Bc1 e4 29. Rd4 Re5 30. b3 Na5 31. Ba3 Qe7 32. Re1 Rxc3 33. Rdxe4 Rxb3 34. Rxe5 fxe5 35. Rc1 Nc6 36. dxc6 bxc6 37. Rxc6 1-0